| 000 | 00374nam a2200145Ia 4500 | ||
|---|---|---|---|
| 008 | 230312s9999||||xx |||||||||||||| ||und|| | ||
| 082 |
_a005.74 _bGIB |
||
| 100 | _aPascal Gibert | ||
| 245 | 0 | _aOracle 8 | |
| 260 | _bStephanie jones | ||
| 300 | _a308 | ||
| 546 | _aEng. | ||
| 650 |
_aComputer _vCreating menu modules, managing modules, programming function keys |
||
| 942 | _cBK | ||
| 999 |
_c2992 _d2992 |
||